<?xml version="1.0" encoding="UTF-8"?>
<record
    xmlns:xsi="http://www.w3.org/2001/XMLSchema-instance"
    xsi:schemaLocation="http://www.loc.gov/MARC21/slim http://www.loc.gov/standards/marcxml/schema/MARC21slim.xsd"
    xmlns="http://www.loc.gov/MARC21/slim">

  <leader>00492nam a2200181   4500</leader>
  <controlfield tag="003">SEACOMEC</controlfield>
  <controlfield tag="005">20240507125352.0</controlfield>
  <controlfield tag="008">240507b        |||||||| |||| 00| 0 eng d</controlfield>
  <datafield tag="020" ind1=" " ind2=" ">
    <subfield code="a"> 9780785507239</subfield>
    <subfield code="c">160.00</subfield>
  </datafield>
  <datafield tag="040" ind1=" " ind2=" ">
    <subfield code="a">SEACOMEC</subfield>
  </datafield>
  <datafield tag="082" ind1=" " ind2=" ">
    <subfield code="a">534 </subfield>
    <subfield code="b">R265</subfield>
  </datafield>
  <datafield tag="100" ind1=" " ind2=" ">
    <subfield code="a">Raychaudhuri, D. P</subfield>
  </datafield>
  <datafield tag="245" ind1=" " ind2=" ">
    <subfield code="a">Advanced acoustics</subfield>
    <subfield code="c">D. P. Raychaudhuri.</subfield>
  </datafield>
  <datafield tag="260" ind1=" " ind2=" ">
    <subfield code="a">Calcutta</subfield>
    <subfield code="b"> The New Book Stall, </subfield>
    <subfield code="c">2006</subfield>
  </datafield>
  <datafield tag="300" ind1=" " ind2=" ">
    <subfield code="a">vi, 393p.: diagrams ; 22 cm.</subfield>
  </datafield>
  <datafield tag="650" ind1=" " ind2=" ">
    <subfield code="a">Acoustics - Sound</subfield>
  </datafield>
  <datafield tag="942" ind1=" " ind2=" ">
    <subfield code="c">BOOK</subfield>
  </datafield>
  <datafield tag="952" ind1=" " ind2=" ">
    <subfield code="0">0</subfield>
    <subfield code="1">0</subfield>
    <subfield code="2">ddc</subfield>
    <subfield code="4">0</subfield>
    <subfield code="7">0</subfield>
    <subfield code="a">SEACOMEC</subfield>
    <subfield code="b">SEACOMEC</subfield>
    <subfield code="d">2024-05-07</subfield>
    <subfield code="l">0</subfield>
    <subfield code="o">534  R265</subfield>
    <subfield code="p">5267</subfield>
    <subfield code="r">2024-05-07 12:51:04</subfield>
    <subfield code="w">2024-05-07</subfield>
    <subfield code="y">BOOK</subfield>
  </datafield>
  <datafield tag="952" ind1=" " ind2=" ">
    <subfield code="0">0</subfield>
    <subfield code="1">0</subfield>
    <subfield code="2">ddc</subfield>
    <subfield code="4">0</subfield>
    <subfield code="7">0</subfield>
    <subfield code="a">SEACOMEC</subfield>
    <subfield code="b">SEACOMEC</subfield>
    <subfield code="d">2024-05-07</subfield>
    <subfield code="l">0</subfield>
    <subfield code="o">534  R265</subfield>
    <subfield code="p">5268</subfield>
    <subfield code="r">2024-05-07 12:51:45</subfield>
    <subfield code="t">1</subfield>
    <subfield code="w">2024-05-07</subfield>
    <subfield code="y">BOOK</subfield>
  </datafield>
  <datafield tag="952" ind1=" " ind2=" ">
    <subfield code="0">0</subfield>
    <subfield code="1">0</subfield>
    <subfield code="2">ddc</subfield>
    <subfield code="4">0</subfield>
    <subfield code="7">0</subfield>
    <subfield code="a">SEACOMEC</subfield>
    <subfield code="b">SEACOMEC</subfield>
    <subfield code="d">2024-05-07</subfield>
    <subfield code="l">0</subfield>
    <subfield code="o">534  R265</subfield>
    <subfield code="p">5269</subfield>
    <subfield code="r">2024-05-07 12:51:45</subfield>
    <subfield code="t">2</subfield>
    <subfield code="w">2024-05-07</subfield>
    <subfield code="y">BOOK</subfield>
  </datafield>
  <datafield tag="952" ind1=" " ind2=" ">
    <subfield code="0">0</subfield>
    <subfield code="1">0</subfield>
    <subfield code="2">ddc</subfield>
    <subfield code="4">0</subfield>
    <subfield code="7">0</subfield>
    <subfield code="a">SEACOMEC</subfield>
    <subfield code="b">SEACOMEC</subfield>
    <subfield code="d">2024-05-07</subfield>
    <subfield code="l">0</subfield>
    <subfield code="o">534  R265</subfield>
    <subfield code="p">5270</subfield>
    <subfield code="r">2024-05-07 12:51:45</subfield>
    <subfield code="t">3</subfield>
    <subfield code="w">2024-05-07</subfield>
    <subfield code="y">BOOK</subfield>
  </datafield>
  <datafield tag="952" ind1=" " ind2=" ">
    <subfield code="0">0</subfield>
    <subfield code="1">0</subfield>
    <subfield code="2">ddc</subfield>
    <subfield code="4">0</subfield>
    <subfield code="7">0</subfield>
    <subfield code="a">SEACOMEC</subfield>
    <subfield code="b">SEACOMEC</subfield>
    <subfield code="d">2024-05-07</subfield>
    <subfield code="l">0</subfield>
    <subfield code="o">534  R265</subfield>
    <subfield code="p">5271</subfield>
    <subfield code="r">2024-05-07 12:51:45</subfield>
    <subfield code="t">4</subfield>
    <subfield code="w">2024-05-07</subfield>
    <subfield code="y">BOOK</subfield>
  </datafield>
  <datafield tag="952" ind1=" " ind2=" ">
    <subfield code="0">0</subfield>
    <subfield code="1">0</subfield>
    <subfield code="2">ddc</subfield>
    <subfield code="4">0</subfield>
    <subfield code="7">0</subfield>
    <subfield code="a">SEACOMEC</subfield>
    <subfield code="b">SEACOMEC</subfield>
    <subfield code="d">2024-05-07</subfield>
    <subfield code="l">0</subfield>
    <subfield code="o">534  R265</subfield>
    <subfield code="p">5272</subfield>
    <subfield code="r">2024-05-07 12:51:45</subfield>
    <subfield code="t">5</subfield>
    <subfield code="w">2024-05-07</subfield>
    <subfield code="y">BOOK</subfield>
  </datafield>
  <datafield tag="952" ind1=" " ind2=" ">
    <subfield code="0">0</subfield>
    <subfield code="1">0</subfield>
    <subfield code="2">ddc</subfield>
    <subfield code="4">0</subfield>
    <subfield code="7">0</subfield>
    <subfield code="a">SEACOMEC</subfield>
    <subfield code="b">SEACOMEC</subfield>
    <subfield code="d">2024-05-07</subfield>
    <subfield code="l">0</subfield>
    <subfield code="o">534  R265</subfield>
    <subfield code="p">5273</subfield>
    <subfield code="r">2024-05-07 12:51:45</subfield>
    <subfield code="t">6</subfield>
    <subfield code="w">2024-05-07</subfield>
    <subfield code="y">BOOK</subfield>
  </datafield>
  <datafield tag="952" ind1=" " ind2=" ">
    <subfield code="0">0</subfield>
    <subfield code="1">0</subfield>
    <subfield code="2">ddc</subfield>
    <subfield code="4">0</subfield>
    <subfield code="7">0</subfield>
    <subfield code="a">SEACOMEC</subfield>
    <subfield code="b">SEACOMEC</subfield>
    <subfield code="d">2024-05-07</subfield>
    <subfield code="l">0</subfield>
    <subfield code="o">534  R265</subfield>
    <subfield code="p">5274</subfield>
    <subfield code="r">2024-05-07 12:51:45</subfield>
    <subfield code="t">7</subfield>
    <subfield code="w">2024-05-07</subfield>
    <subfield code="y">BOOK</subfield>
  </datafield>
  <datafield tag="952" ind1=" " ind2=" ">
    <subfield code="0">0</subfield>
    <subfield code="1">0</subfield>
    <subfield code="2">ddc</subfield>
    <subfield code="4">0</subfield>
    <subfield code="7">0</subfield>
    <subfield code="a">SEACOMEC</subfield>
    <subfield code="b">SEACOMEC</subfield>
    <subfield code="d">2024-05-07</subfield>
    <subfield code="l">0</subfield>
    <subfield code="o">534  R265</subfield>
    <subfield code="p">5275</subfield>
    <subfield code="r">2024-05-07 12:51:45</subfield>
    <subfield code="t">8</subfield>
    <subfield code="w">2024-05-07</subfield>
    <subfield code="y">BOOK</subfield>
  </datafield>
  <datafield tag="952" ind1=" " ind2=" ">
    <subfield code="0">0</subfield>
    <subfield code="1">0</subfield>
    <subfield code="2">ddc</subfield>
    <subfield code="4">0</subfield>
    <subfield code="7">0</subfield>
    <subfield code="a">SEACOMEC</subfield>
    <subfield code="b">SEACOMEC</subfield>
    <subfield code="d">2024-05-07</subfield>
    <subfield code="l">0</subfield>
    <subfield code="o">534  R265</subfield>
    <subfield code="p">5276</subfield>
    <subfield code="r">2024-05-07 12:51:45</subfield>
    <subfield code="t">9</subfield>
    <subfield code="w">2024-05-07</subfield>
    <subfield code="y">BOOK</subfield>
  </datafield>
  <datafield tag="952" ind1=" " ind2=" ">
    <subfield code="0">0</subfield>
    <subfield code="1">0</subfield>
    <subfield code="2">ddc</subfield>
    <subfield code="4">0</subfield>
    <subfield code="7">0</subfield>
    <subfield code="a">SEACOMEC</subfield>
    <subfield code="b">SEACOMEC</subfield>
    <subfield code="d">2024-05-07</subfield>
    <subfield code="l">0</subfield>
    <subfield code="o">534  R265</subfield>
    <subfield code="p">5277</subfield>
    <subfield code="r">2024-05-07 12:51:45</subfield>
    <subfield code="t">10</subfield>
    <subfield code="w">2024-05-07</subfield>
    <subfield code="y">BOOK</subfield>
  </datafield>
  <datafield tag="952" ind1=" " ind2=" ">
    <subfield code="0">0</subfield>
    <subfield code="1">0</subfield>
    <subfield code="2">ddc</subfield>
    <subfield code="4">0</subfield>
    <subfield code="7">0</subfield>
    <subfield code="a">SEACOMEC</subfield>
    <subfield code="b">SEACOMEC</subfield>
    <subfield code="d">2024-05-07</subfield>
    <subfield code="l">0</subfield>
    <subfield code="o">534  R265</subfield>
    <subfield code="p">5278</subfield>
    <subfield code="r">2024-05-07 12:51:45</subfield>
    <subfield code="t">11</subfield>
    <subfield code="w">2024-05-07</subfield>
    <subfield code="y">BOOK</subfield>
  </datafield>
  <datafield tag="952" ind1=" " ind2=" ">
    <subfield code="0">0</subfield>
    <subfield code="1">0</subfield>
    <subfield code="2">ddc</subfield>
    <subfield code="4">0</subfield>
    <subfield code="7">0</subfield>
    <subfield code="a">SEACOMEC</subfield>
    <subfield code="b">SEACOMEC</subfield>
    <subfield code="d">2024-05-07</subfield>
    <subfield code="l">0</subfield>
    <subfield code="o">534  R265</subfield>
    <subfield code="p">5279</subfield>
    <subfield code="r">2024-05-07 12:51:45</subfield>
    <subfield code="t">12</subfield>
    <subfield code="w">2024-05-07</subfield>
    <subfield code="y">BOOK</subfield>
  </datafield>
  <datafield tag="952" ind1=" " ind2=" ">
    <subfield code="0">0</subfield>
    <subfield code="1">0</subfield>
    <subfield code="2">ddc</subfield>
    <subfield code="4">0</subfield>
    <subfield code="7">0</subfield>
    <subfield code="a">SEACOMEC</subfield>
    <subfield code="b">SEACOMEC</subfield>
    <subfield code="d">2024-05-07</subfield>
    <subfield code="l">0</subfield>
    <subfield code="o">534  R265</subfield>
    <subfield code="p">5280</subfield>
    <subfield code="r">2024-05-07 12:51:45</subfield>
    <subfield code="t">13</subfield>
    <subfield code="w">2024-05-07</subfield>
    <subfield code="y">BOOK</subfield>
  </datafield>
  <datafield tag="952" ind1=" " ind2=" ">
    <subfield code="0">0</subfield>
    <subfield code="1">0</subfield>
    <subfield code="2">ddc</subfield>
    <subfield code="4">0</subfield>
    <subfield code="7">0</subfield>
    <subfield code="a">SEACOMEC</subfield>
    <subfield code="b">SEACOMEC</subfield>
    <subfield code="d">2024-05-07</subfield>
    <subfield code="l">0</subfield>
    <subfield code="o">534  R265</subfield>
    <subfield code="p">5281</subfield>
    <subfield code="r">2024-05-07 12:51:45</subfield>
    <subfield code="t">14</subfield>
    <subfield code="w">2024-05-07</subfield>
    <subfield code="y">BOOK</subfield>
  </datafield>
  <datafield tag="952" ind1=" " ind2=" ">
    <subfield code="0">0</subfield>
    <subfield code="1">0</subfield>
    <subfield code="2">ddc</subfield>
    <subfield code="4">0</subfield>
    <subfield code="7">0</subfield>
    <subfield code="a">SEACOMEC</subfield>
    <subfield code="b">SEACOMEC</subfield>
    <subfield code="d">2024-05-07</subfield>
    <subfield code="l">0</subfield>
    <subfield code="o">534  R265</subfield>
    <subfield code="p">5282</subfield>
    <subfield code="r">2024-05-07 12:51:45</subfield>
    <subfield code="t">15</subfield>
    <subfield code="w">2024-05-07</subfield>
    <subfield code="y">BOOK</subfield>
  </datafield>
  <datafield tag="952" ind1=" " ind2=" ">
    <subfield code="0">0</subfield>
    <subfield code="1">0</subfield>
    <subfield code="2">ddc</subfield>
    <subfield code="4">0</subfield>
    <subfield code="7">0</subfield>
    <subfield code="a">SEACOMEC</subfield>
    <subfield code="b">SEACOMEC</subfield>
    <subfield code="d">2024-05-07</subfield>
    <subfield code="l">0</subfield>
    <subfield code="o">534  R265</subfield>
    <subfield code="p">5283</subfield>
    <subfield code="r">2024-05-07 12:51:45</subfield>
    <subfield code="t">16</subfield>
    <subfield code="w">2024-05-07</subfield>
    <subfield code="y">BOOK</subfield>
  </datafield>
  <datafield tag="952" ind1=" " ind2=" ">
    <subfield code="0">0</subfield>
    <subfield code="1">0</subfield>
    <subfield code="2">ddc</subfield>
    <subfield code="4">0</subfield>
    <subfield code="7">0</subfield>
    <subfield code="a">SEACOMEC</subfield>
    <subfield code="b">SEACOMEC</subfield>
    <subfield code="d">2024-05-07</subfield>
    <subfield code="l">0</subfield>
    <subfield code="o">534  R265</subfield>
    <subfield code="p">5284</subfield>
    <subfield code="r">2024-05-07 12:51:45</subfield>
    <subfield code="t">17</subfield>
    <subfield code="w">2024-05-07</subfield>
    <subfield code="y">BOOK</subfield>
  </datafield>
  <datafield tag="952" ind1=" " ind2=" ">
    <subfield code="0">0</subfield>
    <subfield code="1">0</subfield>
    <subfield code="2">ddc</subfield>
    <subfield code="4">0</subfield>
    <subfield code="7">0</subfield>
    <subfield code="a">SEACOMEC</subfield>
    <subfield code="b">SEACOMEC</subfield>
    <subfield code="d">2024-05-07</subfield>
    <subfield code="l">0</subfield>
    <subfield code="o">534  R265</subfield>
    <subfield code="p">5285</subfield>
    <subfield code="r">2024-05-07 12:51:45</subfield>
    <subfield code="t">18</subfield>
    <subfield code="w">2024-05-07</subfield>
    <subfield code="y">BOOK</subfield>
  </datafield>
  <datafield tag="952" ind1=" " ind2=" ">
    <subfield code="0">0</subfield>
    <subfield code="1">0</subfield>
    <subfield code="2">ddc</subfield>
    <subfield code="4">0</subfield>
    <subfield code="7">0</subfield>
    <subfield code="a">SEACOMEC</subfield>
    <subfield code="b">SEACOMEC</subfield>
    <subfield code="d">2024-05-07</subfield>
    <subfield code="l">0</subfield>
    <subfield code="o">534  R265</subfield>
    <subfield code="p">5286</subfield>
    <subfield code="r">2024-05-07 12:51:45</subfield>
    <subfield code="t">19</subfield>
    <subfield code="w">2024-05-07</subfield>
    <subfield code="y">BOOK</subfield>
  </datafield>
  <datafield tag="999" ind1=" " ind2=" ">
    <subfield code="c">1031</subfield>
    <subfield code="d">1031</subfield>
  </datafield>
</record>
